[Event "World Amateur-ch"]
[Site "Mellieha"]
[Date "2022.10.29"]
[Round "9"]
[White "Volkmann, Andre Jordi"]
[Black "Grasso, Gaetano"]
[Result "1-0"]
[WhiteElo "2092"]
[BlackElo "2107"]
[PlyCount "127"]
[EventDate "2022.10.21"]
[EventType "swiss"]
[EventRounds "9"]
[EventCountry "MLT"]
[SourceTitle "EXT 2024"]
[Source "ChessBase"]
[SourceDate "2023.10.10"]
[SourceVersion "1"]
[SourceVersionDate "2023.10.10"]
[SourceQuality "1"]

1. Nf3 Nf6 2. b3 g6 3. Bb2 Bg7 4. e3 b6 5. d4 Bb7 6. Nbd2 c5 7. Bd3 0-0 8. 0-0 d6 9. c4 e6 10. Qe2 Nbd7 11. Rfd1 Qc7 12. e4 Nh5 13. Nf1 cxd4 14. Bxd4 Nf4 15. Qe1 e5 16. Bb2 Nxd3 17. Rxd3 Nc5 18. Re3 Bh6 19. Re2 f5 20. exf5 Bxf3 21. gxf3 Nd3 22. Qd1 Nf4 23. fxg6 Nxe2+ 24. Qxe2 Qg7 25. Ng3 Qxg6 26. Rd1 Bf4 27. Ba3 Bxg3 28. hxg3 Rad8 29. Rd3 Rf6 30. Qd1 Qf7 31. Rd5 Qe6 32. Bc1 Rd7 33. f4 Rc7 34. Bb2 Qh3 35. Rxe5 Rh6 36. Rg5+ Kf8 37. Qd5 Qh2+ 38. Kf1 Qh1+ 39. Qxh1 Rxh1+ 40. Kg2 Rd1 41. Bc3 Rd7 42. f5 Rc1 43. Bb4 Kf7 44. Rh5 Kf6 45. Bd2 Rc2 46. Be3 Ke5 47. Kf3 b5 48. cxb5 d5 49. Bf4+ Kd4 50. f6 Kc5 51. Rf5 Rf7 52. Be3+ Kd6 53. Kg4 Ke6 54. Kg5 Rxa2 55. Bc5 Re2 56. f4 Rg2 57. Re5+ Kd7 58. Rxd5+ Ke8 59. Re5+ Kd7 60. g4 Rg3 61. b4 Ra3 62. Kf5 a5 63. b6 axb4 64. b7 1-0

[Event "World Amateur-ch"]
[Site "Mellieha"]
[Date "2022.10.24"]
[Round "4"]
[White "Becerra, Juan David"]
[Black "Grasso, Gaetano"]
[Result "1-0"]
[WhiteElo "2296"]
[BlackElo "2107"]
[PlyCount "65"]
[EventDate "2022.10.21"]
[EventType "swiss"]
[EventRounds "9"]
[EventCountry "MLT"]
[SourceTitle "EXT 2024"]
[Source "ChessBase"]
[SourceDate "2023.10.10"]
[SourceVersion "1"]
[SourceVersionDate "2023.10.10"]
[SourceQuality "1"]

1. d4 Nf6 2. c4 e6 3. Nc3 d5 4. cxd5 exd5 5. Bg5 c6 6. e3 h6 7. Bh4 Be7 8. Bd3 Ne4 9. Bxe7 Qxe7 10. Bxe4 dxe4 11. Qc2 f5 12. Nge2 Na6 13. a3 0-0 14. Nf4 Re8 15. h4 Be6 16. g4 b5 17. g5 b4 18. gxh6 Kh7 19. Nxe4 gxh6 20. Qxc6 Rac8 21. Qxa6 fxe4 22. Qxe6 Qxe6 23. Nxe6 Rxe6 24. axb4 Rc2 25. Rxa7+ Kg6 26. Rg1+ Kh5 27. Ra5+ Kxh4 28. Rh1+ Kg4 29. Rah5 Rf6 30. R5h4+ Kg5 31. R1h2 Ra6 32. Kf1 Rxb2 33. Rh5+ 1-0

[Event "World Amateur-ch U2300"]
[Site "Spoleto"]
[Date "2017.04.03"]
[Round "4"]
[White "Grasso, Gaetano"]
[Black "Khulan, Enkhsaikhan"]
[Result "0-1"]
[WhiteElo "2201"]
[BlackElo "2003"]
[PlyCount "80"]
[EventDate "2017.04.01"]
[EventType "swiss"]
[EventRounds "9"]
[EventCountry "ITA"]
[SourceTitle "CBM 177 Extra"]
[Source "ChessBase"]
[SourceDate "2017.04.27"]
[SourceVersion "1"]
[SourceVersionDate "2017.04.27"]
[SourceQuality "1"]

1. d4 d5 2. Nc3 Nf6 3. Bf4 Bf5 4. e3 e6 5. Nb5 Na6 6. a3 c6 7. Nc3 Nc7 8. f3 Bd6 9. Bxd6 Qxd6 10. g4 Bg6 11. Bd3 e5 12. Qd2 e4 13. fxe4 dxe4 14. Be2 h5 15. g5 Nh7 16. Nh3 Bf5 17. Nf2 Nxg5 18. h4 Nf3+ 19. Bxf3 exf3 20. 0-0-0 0-0-0 21. Rhg1 Qf6 22. Rg5 Ne6 23. Nfe4 Bxe4 24. Nxe4 Qe7 25. Ra5 a6 26. Qh2 g6 27. Re5 f6 28. Ra5 Nxd4 29. exd4 Qxe4 30. d5 Rhe8 31. b4 Re5 32. d6 Qe3+ 33. Kb1 Rxa5 34. bxa5 f2 35. Qh1 Qxa3 36. Rd3 Qb4+ 37. Ka2 Rxd6 38. Rb3 Qc4 39. Qh3+ f5 40. Qe3 f1Q 0-1

[Event "World Amateur-ch U2300"]
[Site "Spoleto"]
[Date "2017.04.01"]
[Round "1"]
[White "Ehab, Mohamed"]
[Black "Grasso, Gaetano"]
[Result "1-0"]
[WhiteElo "2024"]
[BlackElo "2201"]
[PlyCount "65"]
[EventDate "2017.04.01"]
[EventType "swiss"]
[EventRounds "9"]
[EventCountry "ITA"]
[SourceTitle "CBM 177 Extra"]
[Source "ChessBase"]
[SourceDate "2017.04.27"]
[SourceVersion "1"]
[SourceVersionDate "2017.04.27"]
[SourceQuality "1"]

1. e4 c5 2. Nf3 g6 3. c3 Bg7 4. d4 cxd4 5. cxd4 d5 6. exd5 Nf6 7. Bb5+ Nbd7 8. d6 0-0 9. 0-0 a6 10. Re1 exd6 11. Bd3 b5 12. a4 b4 13. a5 Nd5 14. Bg5 Bf6 15. Bh6 Re8 16. Be4 Bb7 17. Qb3 Rxe4 18. Rxe4 Ne7 19. Rf4 Rb8 20. Nbd2 Nf5 21. Rxf5 gxf5 22. Qd3 Nf8 23. Qxf5 Ne6 24. d5 Ng7 25. Bxg7 Bxg7 26. Ng5 Qf6 27. Qxh7+ Kf8 28. Nde4 Qxb2 29. Re1 Bxd5 30. Qf5 Ba2 31. Nh7+ Ke7 32. Nc5+ Be6 33. Rxe6+ 1-0

[Event "Terre degli Elimi op 7th"]
[Site "Erice"]
[Date "2016.07.30"]
[Round "3"]
[White "Grasso, Gaetano"]
[Black "Andre, Gordon"]
[Result "0-1"]
[WhiteElo "2095"]
[BlackElo "2254"]
[PlyCount "74"]
[EventDate "2016.07.28"]
[EventType "swiss"]
[EventRounds "9"]
[EventCountry "ITA"]
[SourceTitle "EXT 2017"]
[Source "ChessBase"]
[SourceDate "2016.10.25"]
[SourceVersion "1"]
[SourceVersionDate "2016.10.25"]
[SourceQuality "1"]

1. e4 c5 2. Nf3 e6 3. d4 cxd4 4. Nxd4 Nf6 5. Bd3 Nc6 6. Nxc6 bxc6 7. 0-0 d5 8. Nd2 Rb8 9. Qe2 Bc5 10. e5 Nd7 11. Qg4 Kf8 12. Qg3 Bd4 13. Nf3 Bxb2 14. Bg5 Qc7 15. Rae1 Nc5 16. Be3 Nxd3 17. cxd3 Ba3 18. Nd4 Ba6 19. Qf3 Kg8 20. Qd1 Be7 21. f4 c5 22. Qc2 Qd7 23. Ne2 g6 24. g4 d4 25. Bf2 h5 26. f5 exf5 27. Nf4 Qc6 28. e6 Bb7 29. exf7+ Kh7 30. Bg3 Bh4 31. Re2 Qh1+ 32. Kf2 Qxh2+ 33. Ke1 Qxg3+ 34. Kd2 Bg5 35. Ref2 Bg2 36. Kd1 Qxg4+ 37. Ke1 Bxf1 0-1

[Event "Terre degli Elimi op 7th"]
[Site "Erice"]
[Date "2016.07.28"]
[Round "1"]
[White "Grasso, Gaetano"]
[Black "Sonis, Francesco"]
[Result "0-1"]
[WhiteElo "2095"]
[BlackElo "2422"]
[PlyCount "55"]
[EventDate "2016.07.28"]
[EventType "swiss"]
[EventRounds "9"]
[EventCountry "ITA"]
[SourceTitle "EXT 2017"]
[Source "ChessBase"]
[SourceDate "2016.10.25"]
[SourceVersion "1"]
[SourceVersionDate "2016.10.25"]
[SourceQuality "1"]

1. b4 e6 2. Bb2 Nf6 3. a3 d5 4. e3 Bd6 5. Nf3 Nbd7 6. c4 dxc4 7. Bxc4 a5 8. Qb3 Nb6 9. Be2 axb4 10. axb4 Rxa1 11. Bxa1 Qe7 12. b5 e5 13. d4 e4 14. Ne5 Nfd7 15. f4 exf3 16. Nxf3 Nf6 17. Nbd2 0-0 18. 0-0 Bg4 19. Re1 Ra8 20. Bb2 Bb4 21. Qd3 Ra2 22. Bc1 Ne4 23. Rf1 Bxd2 24. Nxd2 Nxd2 25. Bxd2 Ra3 26. Qb1 Bxe2 27. Re1 Bd3 28. Qb4 0-1

[Event "Etna op 2nd"]
[Site "Nicolosi"]
[Date "2015.12.06"]
[Round "5"]
[White "Grasso, Gaetano"]
[Black "Morello, Guido"]
[Result "1-0"]
[WhiteElo "1991"]
[BlackElo "2048"]
[PlyCount "59"]
[EventDate "2015.12.04"]
[EventType "swiss"]
[EventRounds "7"]
[EventCountry "ITA"]
[SourceTitle "CBM 170 Extra"]
[Source "ChessBase"]
[SourceDate "2016.02.25"]
[SourceVersion "1"]
[SourceVersionDate "2016.02.25"]
[SourceQuality "1"]

1. d4 d5 2. c4 Nc6 3. Nf3 Bg4 4. Nc3 Nf6 5. cxd5 Bxf3 6. gxf3 Nxd5 7. e4 Nxc3 8. bxc3 e5 9. Rb1 Bd6 10. Rxb7 0-0 11. Rg1 Qh4 12. d5 Nd8 13. Rb1 f5 14. exf5 Rxf5 15. Be3 Qxh2 16. Rg2 Qh5 17. Rg3 Rf8 18. c4 Qe8 19. c5 Be7 20. d6 cxd6 21. cxd6 Bf6 22. Qd5+ Nf7 23. d7 Qd8 24. Bd3 Rb8 25. Rxb8 Qxb8 26. Bc5 e4 27. fxe4 Be5 28. Rf3 Bc3+ 29. Kf1 Qh2 30. Qxf7+ 1-0

[Event "Etna op 2nd"]
[Site "Nicolosi"]
[Date "2015.12.05"]
[Round "2"]
[White "Grasso, Gaetano"]
[Black "Bifulco, Michel"]
[Result "0-1"]
[WhiteElo "1991"]
[BlackElo "2187"]
[PlyCount "84"]
[EventDate "2015.12.04"]
[EventType "swiss"]
[EventRounds "7"]
[EventCountry "ITA"]
[SourceTitle "CBM 170 Extra"]
[Source "ChessBase"]
[SourceDate "2016.02.25"]
[SourceVersion "1"]
[SourceVersionDate "2016.02.25"]
[SourceQuality "1"]

1. e4 c5 2. b3 g6 3. Bb2 Nf6 4. Bc4 d6 5. Nf3 Bg7 6. 0-0 0-0 7. Re1 Nc6 8. h3 e6 9. d4 Nxe4 10. Rxe4 d5 11. Bxd5 exd5 12. Re1 Bf5 13. c3 cxd4 14. Nxd4 Nxd4 15. cxd4 Qh4 16. Re2 g5 17. Nc3 Rfd8 18. Qd2 Be6 19. Rae1 a6 20. Na4 g4 21. hxg4 Bxg4 22. Re7 b5 23. Nc5 Bf6 24. Rc7 Bg5 25. Qd3 Bf4 26. g3 Qh5 27. gxf4 Bf3 28. Qxf3 Qxf3 29. Re3 Qxf4 30. Rce7 Kh8 31. Kf1 Qf5 32. Nd3 Rd7 33. R7e5 Qg4 34. Ba3 Rg8 35. Be7 Rxe7 36. Rxe7 Qd1+ 37. Ne1 Qxd4 38. Rxf7 Qg4 39. Ree7 Qg6 40. Ke2 Rc8 41. f4 Kg8 42. f5 Qxf7 0-1

[Event "Etna op 2nd"]
[Site "Nicolosi"]
[Date "2015.12.05"]
[Round "3"]
[White "Ljubisavljevic, Zivojin Z"]
[Black "Grasso, Gaetano"]
[Result "0-1"]
[WhiteElo "2183"]
[BlackElo "1991"]
[PlyCount "68"]
[EventDate "2015.12.04"]
[EventType "swiss"]
[EventRounds "7"]
[EventCountry "ITA"]
[SourceTitle "CBM 170 Extra"]
[Source "ChessBase"]
[SourceDate "2016.02.25"]
[SourceVersion "1"]
[SourceVersionDate "2016.02.25"]
[SourceQuality "1"]

1. e4 c5 2. f4 d5 3. exd5 Nf6 4. Bb5+ Nbd7 5. c4 a6 6. Bxd7+ Bxd7 7. Nf3 e6 8. dxe6 Bxe6 9. d3 Qd6 10. 0-0 0-0-0 11. Ne5 Qd4+ 12. Kh1 h5 13. Qe1 Ng4 14. Nc3 Nxe5 15. fxe5 Qxd3 16. Bg5 Rd4 17. b3 h4 18. Rd1 Qg6 19. Bf4 Be7 20. Rxd4 cxd4 21. Nd5 Bxd5 22. cxd5 h3 23. g3 Kd7 24. e6+ fxe6 25. Qe5 Rd8 26. Re1 Ke8 27. dxe6 Qg4 28. Qe4 d3 29. Qxb7 d2 30. Qc6+ Kf8 31. Bxd2 Rxd2 32. Rf1+ Kg8 33. Qc4 Rd1 34. Qc8+ Bd8 0-1

[Event "Amantea op 12th"]
[Site "Amantea"]
[Date "2014.09.09"]
[Round "3"]
[White "Grasso, Gaetano"]
[Black "Bruno, Fabio"]
[Result "0-1"]
[WhiteElo "2077"]
[BlackElo "2436"]
[PlyCount "118"]
[EventDate "2014.09.07"]
[EventType "swiss"]
[EventRounds "9"]
[EventCountry "ITA"]
[SourceTitle "CBM 162 Extra"]
[Source "ChessBase"]
[SourceDate "2014.10.17"]
[SourceVersion "1"]
[SourceVersionDate "2014.10.17"]
[SourceQuality "1"]

1. e4 c5 2. c3 d5 3. exd5 Qxd5 4. d4 Nf6 5. Nf3 g6 6. Nbd2 Bg7 7. Bc4 Qd6 8. Ng5 0-0 9. Qb3 e6 10. Nde4 Nxe4 11. Nxe4 Qc7 12. Nxc5 b6 13. Ne4 Bb7 14. Bd3 e5 15. d5 Nd7 16. Be3 Rad8 17. d6 Qc8 18. 0-0-0 Bxe4 19. Bxe4 Nc5 20. Qd5 Nxe4 21. Qxe4 Qe6 22. Qd5 Qxd5 23. Rxd5 Rd7 24. Rhd1 f5 25. f3 Rc8 26. Bg5 Kf7 27. Be7 Rc6 28. Kd2 Bf6 29. Ke3 Bxe7 30. dxe7 Rxe7 31. Rd6 Rc4 32. Rd7 Rc7 33. R7d6 e4 34. R1d4 exf3+ 35. Kxf3 Rc5 36. Kf4 Rce5 37. Rd7 Re2 38. Rd2 Rxd7 39. Rxe2 Kf6 40. h4 h6 41. a3 Rd3 42. Re3 g5+ 43. hxg5+ hxg5+ 44. Kf3 Rxe3+ 45. Kxe3 Ke5 46. g3 b5 47. b3 a5 48. c4 bxc4 49. bxc4 a4 50. Kd3 f4 51. gxf4+ Kxf4 52. c5 Ke5 53. Kc4 g4 54. Kb5 g3 55. c6 Kd6 56. Kb6 g2 57. Kb7 g1Q 58. c7 Qg7 59. Ka8 Kxc7 0-1

[Event "Terre degli Elimi op 3rd"]
[Site "Erice"]
[Date "2012.07.26"]
[Round "2"]
[White "Cannella, Carlo Umberto"]
[Black "Grasso, Gaetano"]
[Result "0-1"]
[WhiteElo "1950"]
[BlackElo "2032"]
[PlyCount "68"]
[EventDate "2012.07.25"]
[EventType "swiss"]
[EventRounds "7"]
[EventCountry "ITA"]
[SourceTitle "EXT 2013"]
[Source "ChessBase"]
[SourceDate "2012.11.22"]
[SourceVersion "1"]
[SourceVersionDate "2012.11.22"]
[SourceQuality "1"]

1. e4 Nf6 2. e5 Nd5 3. d4 d6 4. c4 Nb6 5. Nf3 Bg4 6. Be2 e6 7. 0-0 Be7 8. Nc3 0-0 9. h3 Bh5 10. Bf4 Nc6 11. b3 a5 12. a4 d5 13. c5 Nd7 14. Nb5 Nb4 15. Bd2 Nb8 16. Bxb4 axb4 17. Ne1 Bg6 18. Nd3 Nc6 19. Rc1 Qd7 20. Qd2 f6 21. f4 Be4 22. Nxb4 Na5 23. Qc3 fxe5 24. fxe5 Bg5 25. Rxf8+ Rxf8 26. Rf1 Rxf1+ 27. Bxf1 Qf7 28. Qg3 Bd2 29. Nd3 Nxb3 30. Nf2 Nc1 31. Nc3 Bg6 32. Ng4 h5 33. Nb1 Bf4 34. Nf6+ Qxf6 0-1

[Event "Amantea op-A 8th"]
[Site "Amantea"]
[Date "2010.08.31"]
[Round "3"]
[White "Santagati, Alessandro"]
[Black "Grasso, Gaetano"]
[Result "1-0"]
[WhiteElo "2187"]
[BlackElo "1975"]
[PlyCount "103"]
[EventDate "2010.08.29"]
[EventType "swiss"]
[EventRounds "9"]
[EventCountry "ITA"]
[SourceTitle "CBM 138 Extra"]
[Source "ChessBase"]
[SourceDate "2010.10.29"]
[SourceVersion "1"]
[SourceVersionDate "2010.10.29"]
[SourceQuality "1"]

1. d4 Nf6 2. Nf3 e6 3. g3 b6 4. Bg2 Bb7 5. 0-0 c5 6. c4 cxd4 7. Nxd4 Bxg2 8. Kxg2 Be7 9. Nc3 0-0 10. e4 Nc6 11. Nxc6 dxc6 12. e5 Nd7 13. f4 Qc7 14. Be3 Rfd8 15. Qf3 Nc5 16. Bxc5 Bxc5 17. Rad1 Rd4 18. Nb5 Qd7 19. Nxd4 Bxd4 20. f5 exf5 21. Qxf5 Qxf5 22. Rxf5 g6 23. Rf6 c5 24. Rd6 Re8 25. Re1 Bxe5 26. Rd7 f6 27. Rxa7 Rd8 28. Re2 h5 29. Rb7 Rd6 30. a3 Rd4 31. Rc2 h4 32. gxh4 Rxh4 33. h3 Rd4 34. Rxb6 Rd3 35. a4 Rg3+ 36. Kf1 Rxh3 37. Rg2 Kg7 38. a5 Rd3 39. Rb5 Rd1+ 40. Ke2 Ra1 41. Kd3 Bd4 42. Ke4 f5+ 43. Kd5 f4 44. Ke4 Be3 45. Rb7+ Kf6 46. Rb6+ Kf7 47. a6 Ra4 48. b3 Rb4 49. Rxb4 cxb4 50. Ra2 Ba7 51. Kxf4 Ke6 52. Ra4 1-0